| 000 | 00562nam a2200169 i 4500 | ||
|---|---|---|---|
| 001 | 20177 | ||
| 003 | ES-MaACL | ||
| 005 | 20230906152241.0 | ||
| 007 | t| | ||
| 008 | 021107s1972 sp |||| | spa d | ||
| 100 | 1 |
_aAguado-Jolis Smolinski, Isidoro. _918622 |
|
| 245 | 1 | 0 |
_aExplotaciones forrajeras de León / _cpor Isidoro Aguado-Jolis Smolinski (Xenón de Criptana, seud.). |
| 260 |
_aLeón : _bEscuela de Ingenieros Técnica Agrícola, _c1972. |
||
| 300 |
_a288, 1 p. de lám. : _bil. ; _c21 cm. |
||
| 650 | 0 | 4 |
_aForrajes. _912932 |
| 852 |
_aES-MaACL _jC-48256 |
||
| 999 |
_c20177 _d20177 |
||